00910nam a2200289 i 4500999001500000001000800015003000400023005001700027008004100044010001700085020001500102040001800117043001200135050002100147082002200168100002700190245007100217250001800288260003900306300003500345504005100380650003300431650002800464650003300492906004500525942005000570 c5702d57023650318OSt20200128134215.0760410s1976 ii a b 001 0 eng  a 75908530  c0706999053 aDLCcDLCdDLC aa-ii---00aHF5549.2.I4bD3800a658.300954bDAV/P a Davar, Rustom S9125710aPersonnel management and industrial relations /cRustom S. Davar. a10th rev. ed. aDelhi :bVikas Pub. House,cc1976. axvii, 421 p. :bill. ;c22 cm. aIncludes bibliographical references and index. 0aPersonnel managementzIndia. 0aManpower policyzIndia. 0aIndustrial relationszIndia. a7bcbccorignewd4encipf19gy-gencatlg 2ddccBKh658.300954iDAV/Pk658.300954mDAV/P